Nazwy wszystkich państw w ich ojczystym języku (bez transkrypcji) - Statystyki

Ogólne statystyki
  • Ten quiz został rozwiązany 14 razy
  • Średni wynik to 112 z 196
Statystyki odpowiedzi
Nazwa w języku ojczystym Nazwa polska % Poprawnych
Costa Rica Kostaryka
100%
The Bahamas Bahamy
82%
Barbados Barbados
82%
Brasil Brazylia
82%
Grenada Grenada
82%
Guatemala Gwatemala
82%
Cuba Kuba
82%
Liberia Liberia
82%
Россия Rosja
82%
Saint Kitts and Nevis Saint Kitts i Nevis
82%
Sāmoa Samoa
82%
Soomaaliya Somalia
82%
Schweiz Szwajcaria
82%
Timor Lorosa'e Timor Wschodni
82%
Zimbabwe Zimbabwe
82%
Andorra Andora
73%
Ngola Angola
73%
Antigua and Barbuda Antigua i Barbuda
73%
Argentina Argentyna
73%
Australia Australia
73%
Österreich Austria
73%
Azərbaycan Azerbejdżan
73%
Belgique Belgia
73%
Belize Belize
73%
Bénin Benin
73%
Босна и Херцеговина Bośnia i Hercegowina
73%
Burkina Faso Burkina Faso
73%
Uburundi Burundi
73%
Chile Chile
73%
中国 Chiny
73%
Hrvatska Chorwacja
73%
Česko Czechy
73%
Danmark Dania
73%
Jamhuri ya Kidemokrasia ya Kongo Demokratyczna Republika Konga
73%
Dominica Dominika
73%
República Dominicana Dominikana
73%
Jabuuti Dżibuti
73%
Ecuador Ekwador
73%
eSwatini Eswatini
73%
Pilipinas Filipiny
73%
France Francja
73%
République gabonaise Gabon
73%
Gaana Ghana
73%
Guiné-Bissau Gwinea Bissau
73%
Guinea Ecuatorial Gwinea Równikowa
73%
España Hiszpania
73%
Nederlân Holandia
73%
Honduras Honduras
73%
Indonesia Indonezja
73%
Ísland Islandia
73%
Jamaica Jamajka
73%
Canada Kanada
73%
Қазақстан Kazachstan
73%
Kenya Kenia
73%
Kiribati Kiribati
73%
Colombia Kolumbia
73%
Republíki ya Kongó Kongo
73%
Kosova Kosowo
73%
Lesotho Lesotho
73%
Liechtenstein Liechtenstein
73%
Lietuva Litwa
73%
Latvija Łotwa
73%
Lëtzebuerg Luksemburg
73%
Северна Македонија Macedonia Północna
73%
Madagasikara Madagaskar
73%
Malaŵi Malawi
73%
Malaysia Malezja
73%
Mali Mali
73%
Malta Malta
73%
Mēxihco Meksyk
73%
Federated States of Micronesia Mikronezja
73%
Moçambique Mozambik
73%
Deutschland Niemcy
73%
Niger Niger
73%
Nicaragua Nikaragua
73%
Norge Norwegia
73%
Panamá Panama
73%
Papua Niugini Papua-Nowa Gwinea
73%
Paraguái Paragwaj
73%
Polska Polska
73%
Portugal Portugalia
73%
Rwanda Rwanda
73%
Saint Lucia Saint Lucia
73%
Saint Vincent and the Grenadines Saint Vincent i Grenadyny
73%
El Salvador Salwador
73%
San Marino San Marino
73%
Senegaal Senegal
73%
Suriname Surinam
73%
Tanzania Tanzania
73%
Togo Togo
73%
Tonga Tonga
73%
Trinidad and Tobago Trynidad i Tobago
73%
Türkmenistan Turkmenistan
73%
Tuvalu Tuvalu
73%
Uganda Uganda
73%
Uruguay Urugwaj
73%
Ўзбекистон Uzbekistan
73%
Vanuatu Vanuatu
73%
Civitas Vaticana Watykan
73%
Magyarország Węgry
73%
Venezuela Wenezuela
73%
Việt Nam Wietnam
73%
Italia Włochy
73%
Côte d'Ivoire Wybrzeże Kości Słoniowej
73%
Solomon Aelan Wyspy Salomona
73%
São Tomé e Príncipe Wyspy Świętego Tomasza i Książęca
73%
Zambia Zambia
73%
المملكة العربية السعودية Arabia Saudyjska
64%
Беларусь Białoruś
64%
Botswana Botswana
64%
Κύπρος Cypr
64%
Црна Гора Czarnogóra
64%
Eesti Estonia
64%
The Gambia Gambia
64%
Guyana Gujana
64%
日本 Japonia
64%
Cameroun Kamerun
64%
Кыргызстан Kirgistan
64%
Moldova Mołdawia
64%
Namibië Namibia
64%
Naoero Nauru
64%
Bêafrîka Republika Środkowoafrykańska
64%
Cabo Verde Republika Zielonego Przylądka
64%
România Rumunia
64%
Србија Serbia
64%
Sesel Seszele
64%
Sierra Leone Sierra Leone
64%
Slovensko Słowacja
64%
Slovenija Słowenia
64%
Sverige Szwecja
64%
Тоҷикистон Tadżykistan
64%
Türkiye Turcja
64%
Україна Ukraina
64%
България Bułgaria
55%
Ελλάδα Grecja
55%
ישראל Izrael
55%
한국 Korea Południowa
55%
Afurika Tshipembe Republika Południowej Afryki
55%
中華民國 (Zhōnghuá Mínguó) Tajwan
55%
Shqipëria Albania
45%
Suomi Finlandia
45%
Éire Irlandia
45%
Piruw Peru
45%
Wuliwya Boliwia
36%
Ayiti Haiti
36%
조선 Korea Północna
36%
नेपाल Nepal
36%
Belau Palau
36%
‘Amelika Hui Pū ‘ia Stany Zjednoczone
36%
Հայաստան Armenia
27%
বাংলাদেশ Bangladesz
27%
ኤርትራ Erytrea
27%
ኢትዮጵያ Etiopia
27%
Viti Fidżi
27%
საქართველო Gruzja
27%
भारत Indie
27%
العراق Irak
27%
ایران Iran
27%
لبنان Liban
27%
မြန်မာ Mjanma
27%
Múnegu Monako
27%
ᠮᠤᠩᠭᠤᠯ ᠤᠯᠤᠰ Mongolia
27%
Naìjíríyà Nigeria
27%
Paguot Thudän Sudan Południowy
27%
ราชอาณาจักรไทย Tajlandia
27%
الإمارات العربيّة المتّحدة Zjednoczone Emiraty Arabskie
27%
افغانستان Afganistan
18%
الجزائر Algieria
18%
البحرين Bahrajn
18%
འབྲུག་ཡུལ Bhutan
18%
بروني Brunei
18%
مصر Egipt
18%
Gine Gwinea
18%
الأردن Jordania
18%
قطر Katar
18%
الكويت Kuwejt
18%
ދިވެހިރާއްޖެ Malediwy
18%
موريتانيا Mauretania
18%
Moris Mauritius
18%
Aotearoa Nowa Zelandia
18%
عُمان Oman
18%
پاکستان Pakistan
18%
ශ්‍රී ලංකාව Sri Lanka
18%
السودان Sudan
18%
تونس Tunezja
18%
Y Deyrnas Unedig Wielka Brytania
18%
Aorōkin Ṃajeḷ Wyspy Marshalla
18%
تشاد Czad
9%
اليمن Jemen
9%
កម្ពុជា Kambodża
9%
جزر القمر Komory
9%
ປະເທດລາວ Laos
9%
ⵍⵉⴱⵢⴰ Libia
9%
المغرب Maroko
9%
சிங்கப்பூர் Singapur
9%
سورية Syria
9%
Nie znaleziono quizów pasujących do podanych kryteriów
Rozkład punktacji
Procent ludzi z każdym wynikiem
Percentyl według liczby udzielonych odpowiedzi
Twoja historia wyników
Nie rozwiązałeś tego quizu